Statistics for 200k+ First-Level Subdivisions of North America on a Map

Click here to take the quiz!

General Stats

  • This quiz has been taken 8 times
  • The average score is 97 of 213

Answers on the Map

Answers color-coded by a green-red scale on the quiz's map according to % correct below.
 

Answer Stats

CountryTypeAnswer% Correct
United States 2022 EStateAlabama
100%
United States 2022 EStateAlaska
100%
Canada 2022 EProvinceAlberta
100%
United States 2022 EStateArizona
100%
United States 2022 EStateArkansas
100%
Mexico 2020 CStateBaja California
100%
Canada 2022 EProvinceBritish Columbia
100%
United States 2022 EStateCalifornia
100%
Mexico 2020 CStateChihuahua
100%
United States 2022 EStateColorado
100%
United States 2022 EStateConnecticut
100%
United States 2022 EStateDelaware
100%
United States 2023 EDistrictDistrict of Columbia
100%
United States 2022 EStateFlorida
100%
United States 2022 EStateGeorgia
100%
United States 2022 EStateIdaho
100%
United States 2022 EStateIllinois
100%
United States 2022 EStateIndiana
100%
United States 2022 EStateIowa
100%
United States 2022 EStateKansas
100%
United States 2022 EStateKentucky
100%
United States 2022 EStateLouisiana
100%
United States 2022 EStateMaine
100%
Canada 2022 EProvinceManitoba
100%
United States 2022 EStateMaryland
100%
United States 2022 EStateMassachusetts
100%
Mexico 2020 CStateMéxico
100%
Mexico 2020 CDistrictMexico City
100%
United States 2022 EStateMichigan
100%
United States 2022 EStateMinnesota
100%
United States 2022 EStateMississippi
100%
United States 2022 EStateMissouri
100%
United States 2022 EStateMontana
100%
United States 2022 EStateNebraska
100%
United States 2022 EStateNevada
100%
Canada 2022 EProvinceNew Brunswick
100%
Canada 2022 EProvinceNewfoundland and Labrador
100%
United States 2022 EStateNew Hampshire
100%
United States 2022 EStateNew Jersey
100%
United States 2022 EStateNew Mexico
100%
United States 2022 EStateNew York
100%
Haiti 2009 EDepartmentNord
100%
United States 2022 EStateNorth Carolina
100%
United States 2022 EStateNorth Dakota
100%
Canada 2022 EProvinceNova Scotia
100%
United States 2022 EStateOhio
100%
United States 2022 EStateOklahoma
100%
Canada 2022 EProvinceOntario
100%
United States 2022 EStateOregon
100%
Haiti 2009 EDepartmentOuest
100%
Panama 2023 CProvincePanamá Oeste
100%
United States 2022 EStatePennsylvania
100%
United States 2020 CTerritoryPuerto Rico
100%
Canada 2022 EProvinceQuebec
100%
United States 2022 EStateRhode Island
100%
Canada 2022 EProvinceSaskatchewan
100%
United States 2022 EStateSouth Carolina
100%
United States 2022 EStateSouth Dakota
100%
Haiti 2009 EDepartmentSud
100%
United States 2022 EStateTennessee
100%
United States 2022 EStateTexas
100%
United States 2022 EStateUtah
100%
United States 2022 EStateVermont
100%
United States 2022 EStateVirginia
100%
United States 2022 EStateWashington
100%
United States 2022 EStateWest Virginia
100%
United States 2022 EStateWisconsin
100%
United States 2022 EStateWyoming
100%
Haiti 2009 EDepartmentCentre
88%
Dominican Republic 2022 CDistrictDistrito Nacional
88%
Guatemala 2018 CDepartmentGuatemala
88%
Cuba 2022 EProvinceLa Habana
88%
Nicaragua 2023 EDepartmentManagua
88%
Panama 2023 CProvincePanamá
88%
Costa Rica 2022 EProvinceSan José
88%
El Salvador 2020 PDepartmentSan Salvador
88%
Dominican Republic 2022 CProvinceSanto Domingo
88%
Mexico 2020 CStateSinaloa
88%
Mexico 2020 CStateYucatán
88%
Mexico 2020 CStateAguascalientes
75%
Mexico 2020 CStateBaja California Sur
75%
Mexico 2020 CStateNuevo León
75%
Mexico 2020 CStateOaxaca
75%
Mexico 2020 CStateQuintana Roo
75%
Mexico 2020 CStateSonora
75%
Mexico 2020 CStateChiapas
63%
France 2021 ERegionGuadeloupe
63%
Mexico 2020 CStateJalisco
63%
Mexico 2020 CStatePuebla
63%
Dominican Republic 2022 CProvinceSantiago
63%
Cuba 2022 EProvinceSantiago de Cuba
63%
Mexico 2020 CStateTabasco
63%
Mexico 2020 CStateTlaxcala
63%
Mexico 2020 CStateVeracruz
63%
Mexico 2020 CStateDurango
50%
Mexico 2020 CStateHidalgo
50%
Nicaragua 2023 EDepartmentLeón
50%
France 2021 ERegionMartinique
50%
Mexico 2020 CStateTamaulipas
50%
Mexico 2020 CStateZacatecas
50%
Cuba 2022 EProvinceCamagüey
38%
Mexico 2020 CStateCampeche
38%
Mexico 2020 CStateCoahuila
38%
Honduras 2023 PDepartmentColón
38%
Panama 2023 CProvinceColón
38%
Cuba 2022 EProvinceGuantánamo
38%
Mexico 2020 CStateGuerrero
38%
Dominican Republic 2022 CProvinceSan Juan
38%
Mexico 2020 CStateSan Luis Potosí
38%
Dominican Republic 2022 CProvinceSan Pedro de Macorís
38%
Mexico 2020 CStateGuanajuato
25%
Mexico 2020 CStateMorelos
25%
Mexico 2020 CStateNayarit
25%
Haiti 2009 EDepartmentNord-Est
25%
Haiti 2009 EDepartmentNord-Ouest
25%
Nicaragua 2023 ERegionNorth Caribbean Coast
25%
El Salvador 2020 PDepartmentSan Miguel
25%
Nicaragua 2023 ERegionSouth Caribbean Coast
25%
Haiti 2009 EDepartmentSud-Est
25%
Mexico 2020 CStateColima
13%
Cuba 2022 EProvinceHolguín
13%
Mexico 2020 CStateMichoacán
13%
Mexico 2020 CStateQuerétaro
13%
Cuba 2022 EProvinceVilla Clara
13%
El Salvador 2020 PDepartmentAhuachapán
0%
Costa Rica 2022 EProvinceAlajuela
0%
Guatemala 2018 CDepartmentAlta Verapaz
0%
Cuba 2022 EProvinceArtemisa
0%
Haiti 2009 EDepartmentArtibonite
0%
Honduras 2023 PDepartmentAtlántida
0%
Dominican Republic 2022 CProvinceAzua
0%
Guatemala 2018 CDepartmentBaja Verapaz
0%
Dominican Republic 2022 CProvinceBarahona
0%
Nicaragua 2023 EDepartmentCarazo
0%
Costa Rica 2022 EProvinceCartago
0%
El Salvador 2020 PDepartmentChalatenango
0%
Guatemala 2018 CDepartmentChimaltenango
0%
Nicaragua 2023 EDepartmentChinandega
0%
Guatemala 2018 CDepartmentChiquimula
0%
Panama 2023 CProvinceChiriquí
0%
Honduras 2023 PDepartmentCholuteca
0%
Cuba 2022 EProvinceCiego de Ávila
0%
Cuba 2022 EProvinceCienfuegos
0%
Jamaica 2019 EParishClarendon
0%
Panama 2023 CProvinceCoclé
0%
Honduras 2023 PDepartmentComayagua
0%
Honduras 2023 PDepartmentCopán
0%
Honduras 2023 PDepartmentCortés
0%
El Salvador 2020 PDepartmentCuscatlán
0%
Dominican Republic 2022 CProvinceDuarte
0%
Honduras 2023 PDepartmentEl Paraíso
0%
Guatemala 2018 CDepartmentEscuintla
0%
Dominican Republic 2022 CProvinceEspaillat
0%
Nicaragua 2023 EDepartmentEstelí
0%
Honduras 2023 PDepartmentFrancisco Morazán
0%
Nicaragua 2023 EDepartmentGranada
0%
Haiti 2009 EDepartmentGrand'Anse
0%
Cuba 2022 EProvinceGranma
0%
Costa Rica 2022 EProvinceGuanacaste
0%
Costa Rica 2022 EProvinceHeredia
0%
Guatemala 2018 CDepartmentHuehuetenango
0%
Honduras 2023 PDepartmentIntibucá
0%
Guatemala 2018 CDepartmentIzabal
0%
Guatemala 2018 CDepartmentJalapa
0%
Nicaragua 2023 EDepartmentJinotega
0%
Guatemala 2018 CDepartmentJutiapa
0%
Dominican Republic 2022 CProvinceLa Altagracia
0%
El Salvador 2020 PDepartmentLa Libertad
0%
El Salvador 2020 PDepartmentLa Paz
0%
Honduras 2023 PDepartmentLa Paz
0%
Dominican Republic 2022 CProvinceLa Romana
0%
Cuba 2022 EProvinceLas Tunas
0%
El Salvador 2020 PDepartmentLa Unión
0%
Dominican Republic 2022 CProvinceLa Vega
0%
Honduras 2023 PDepartmentLempira
0%
Costa Rica 2022 EProvinceLimón
0%
Nicaragua 2023 EDepartmentMasaya
0%
Nicaragua 2023 EDepartmentMatagalpa
0%
Cuba 2022 EProvinceMatanzas
0%
Cuba 2022 EProvinceMayabeque
0%
Dominican Republic 2022 CProvinceMonte Plata
0%
El Salvador 2020 PDepartmentMorazán
0%
Bahamas 2022 CDistrictNew Providence
0%
Panama 2023 CRegionNgäbe-Buglé
0%
Haiti 2009 EDepartmentNippes
0%
Nicaragua 2023 EDepartmentNueva Segovia
0%
Honduras 2023 PDepartmentOlancho
0%
Dominican Republic 2022 CProvincePeravia
0%
Guatemala 2018 CDepartmentPetén
0%
Cuba 2022 EProvincePinar del Río
0%
Dominican Republic 2022 CProvincePuerto Plata
0%
Costa Rica 2022 EProvincePuntarenas
0%
Guatemala 2018 CDepartmentQuetzaltenango
0%
Guatemala 2018 CDepartmentQuiché
0%
Guatemala 2018 CDepartmentRetalhuleu
0%
Guatemala 2018 CDepartmentSacatepéquez
0%
Jamaica 2019 EParishSaint Andrew
0%
Jamaica 2019 EParishSaint Catherine
0%
Dominican Republic 2022 CProvinceSan Cristóbal
0%
Cuba 2022 EProvinceSancti Spíritus
0%
Guatemala 2018 CDepartmentSan Marcos
0%
El Salvador 2020 PDepartmentSanta Ana
0%
Honduras 2023 PDepartmentSanta Bárbara
0%
Guatemala 2018 CDepartmentSanta Rosa
0%
Guatemala 2018 CDepartmentSololá
0%
El Salvador 2020 PDepartmentSonsonate
0%
Guatemala 2018 CDepartmentSuchitepéquez
0%
Guatemala 2018 CDepartmentTotonicapán
0%
Trinidad and Tobago 2011 CRegionTunapuna–Piarco
0%
El Salvador 2020 PDepartmentUsulután
0%
Panama 2023 CProvinceVeraguas
0%
Honduras 2023 PDepartmentYoro
0%
Guatemala 2018 CDepartmentZacapa
0%

Score Distribution

Percentile by Number Answered

Percent of People with Each Score

Your Score History

You have not taken this quiz